The magic school bus and the electric field trip / (Record no. 114609)
[ view plain ]
| 000 -LEADER | |
|---|---|
| fixed length control field | 00811nam a2200217 a 4500 |
| 005 - DATE AND TIME OF LATEST TRANSACTION | |
| control field | 20140414132106.0 |
| 008 - FIXED-LENGTH DATA ELEMENTS--GENERAL INFORMATION | |
| fixed length control field | 100902s19uu xx 00 eng d |
| 020 ## - INTERNATIONAL STANDARD BOOK NUMBER | |
| International Standard Book Number | 0590446835 |
| 050 ## - LIBRARY OF CONGRESS CALL NUMBER | |
| Classification number | M 621.3 |
| Item number | C67 1997 |
| 100 ## - MAIN ENTRY--PERSONAL NAME | |
| Personal name | Cole, Joanna. |
| 245 ## - TITLE STATEMENT | |
| Title | The magic school bus and the electric field trip / |
| Statement of responsibility, etc | by Joanna Cole ; illustrated by Bruce Degen. |
| 250 ## - EDITION STATEMENT | |
| Edition statement | 1st ed. |
| 260 ## - PUBLICATION, DISTRIBUTION, ETC. (IMPRINT) | |
| Place of publication, distribution, etc | New York : |
| Name of publisher, distributor, etc | Scholastic, |
| Date of publication, distribution, etc | 1997. |
| 520 ## - SUMMARY, ETC. | |
| Summary, etc | On a special field trip in the magic school bus, Ms Frizzle�s class learn at first hand about different kinds of rocks and the formation of the earth. |
| 650 ## - SUBJECT ADDED ENTRY--TOPICAL TERM | |
| Topical term or geographic name as entry element | Electric power |
| General subdivision | Juvenile literature. |
| 650 ## - SUBJECT ADDED ENTRY--TOPICAL TERM | |
| Topical term or geographic name as entry element | Electricity. |
| General subdivision | |
| 650 ## - SUBJECT ADDED ENTRY--TOPICAL TERM | |
| Topical term or geographic name as entry element | Electric power distribution |
| General subdivision | Juvenile literature. |
| 700 ## - ADDED ENTRY--PERSONAL NAME | |
| Personal name | Degen, Bruce |
| Withdrawn status | Lost status | Damaged status | Use restrictions | Home library | Current library | Shelving location | Date acquired | Source of acquisition | Cost, normal purchase price | Total Checkouts | Full call number | Barcode | Date last seen | Price effective from | Koha item type |
|---|---|---|---|---|---|---|---|---|---|---|---|---|---|---|---|
| Munich Library | Munich Library | Main Section | 09/02/2010 | 225.00 | M 621.3 C67 1997 | M6479 | 04/14/2014 | 04/14/2014 | Books | ||||||
| Munich Library | Munich Library | Main Section | 01/15/2011 | 225.00 | M 621.3 C67 1997 | M6526 | 04/14/2014 | 04/14/2014 | Books |